000 00523nam a2200181Ia 4500
008 151202s9999||||xx |||||||||||||| ||und||
082 _bPNVM-74478
100 _aपाटील सुरेश.
245 _aदाह.
260 _b"पप्पू-प्राची प्रकाशन, मुंबई."
260 _c74478
300 _a514
600 _aपाटील सुरेश.
630 _aदाह.
700 _aपाटील सुरेश.
730 _aदाह.
942 _cBOOK
999 _c1341138
_d1341135